| 000 | 00719nam a2200241Ia 4500 | ||
|---|---|---|---|
| 005 | 20260121112756.0 | ||
| 008 | 8695 260114s9999 xx 000 0 eng d | ||
| 020 | _a9789812791306 | ||
| 037 | _aEBOOK | ||
| 040 |
_aCRL _beng _cCRL |
||
| 041 |
_aeng _2eng |
||
| 084 | _qCRL | ||
| 100 |
_aSmith Jane Mckee _9963013 |
||
| 245 | 0 | _aCoastal Engineering 2002: Solving Coastal Conundrums - Proceedings of the 28Th International Conference In 3 Vols | |
| 260 | _bWorld Scientific | ||
| 260 | _bWSPC | ||
| 260 | _c2003 | ||
| 650 |
_aEngineering / Acoustics _9963014 |
||
| 856 | _uhttps://www.worldscientific.com/worldscibooks/10.1142/5165#t=toc | ||
| 942 | _cEBOOK | ||
| 999 |
_c1545995 _d1545995 |
||